Sei Nazioni - Morte improvvisa - Statistics

Statistiche generali
  • Questo quiz è stato fatto 192 volte
  • Il punteggio medio è 4 su 6
Answers on the Grid
Answers color-coded by a green-red scale on the quiz's grid according to % correct below.
Irlanda
Scozia
Galles
Inghilterra
Francia
Italia
Sudafrica
Nuova Zelanda
Argentina
Australia
Figi
Georgia
Giappone
Samoa
Stati Uniti
Portogallo
Uruguay
Spagna
 
Statistiche sulle risposte
Risposta % Corretto
Italia
82%
Francia
72%
Inghilterra
71%
Irlanda
68%
Scozia
65%
Galles
64%
Nessun quiz corrispondente trovato
Distribuzione punteggi
Percentuale di utenti per punteggio
Percentile per numero di risposta
I tuoi punteggi nel tempo
Non hai fatto questo quiz